Statistics for Most Populous U.S States in 1900

Click here to take the quiz!

General Stats

  • This quiz has been taken 186 times
  • The average score is 7 of 15

Answer Stats

Population#State% Correct
7,268,8941.New York
100%
6,302,1122.Pennsylvania
90%
4,821,5503.Illinois
77%
4,157,5454.Ohio
75%
2,805,3467.Massachusetts
54%
3,048,4106.Texas
54%
3,106,6655.Missouri
47%
2,420,9829.Michigan
46%
2,516,4628.Indiana
44%
2,216,33111.Georgia
32%
1,893,81315.North Carolina
30%
2,231,85310.Iowa
23%
2,020,61614.Tennessee
23%
2,147,17412.Kentucky
22%
2,069,04213.Wisconsin
21%

Score Distribution

Percentile by Number Answered

Percent of People with Each Score

Your Score History

You have not taken this quiz